00638nam a22002177a 450000500170000001000130001702000220003003500130005203700160006504000120008108200170009310000270011024500640013724600060020126000530020727000500026030000240031050000190033465000370035365000300039020170124110223.0 aA-805967 c00.00a8170247853 aA-805967 bCen Lib/Ret aDPLbEN a344.046bTRI aTrivedi, Priya Ranjan  aInternational environmental laws /cby Priya Ranjan Trivedi b  bA. P. H. Publishing Corporationc1996aNew Delhi bNew Delhia5, Ansari Road, Darya Ganje110002 avi,722p. c22cm(Hb) aIncludes index aInternational environment -- Law aInternational environment